000 00369nam a2200145 i 4500
001 35360
003 ES-MaACL
005 20230906155119.0
007 t|
008 030212q1938 sp ||||1| spa d
245 0 0 _aBombardeos aéreos en España.
260 _aBarcelona :
_bSeix Barral,
_c[1938?]
300 _a71 p. ;
_c24 cm.
852 _aES-MaACL
_j1834-F-1
_bR.18456
999 _c35360
_d35360